ბათუმის შოთა რუსთაველის სახელმწიფო უნივერსიტეტის ბიბლიოთეკა

გენეტიკა მედიცინაში (ბიბ.ჩანაწერი № 34637)

000 -LEADER
fixed length control field 00774nam a2200217Ia 4500
001 - CONTROL NUMBER
control field 402
003 - CONTROL NUMBER IDENTIFIER
control field GE_BSU
008 - FIXED-LENGTH DATA ELEMENTS--GENERAL INFORMATION
fixed length control field 181216s||||||||xx |||||||||||||| ||und||
020 ## - INTERNATIONAL STANDARD BOOK NUMBER
International Standard Book Number 9789941002755
040 ## - CATALOGING SOURCE
Transcribing agency GE_BSU
080 ## - UNIVERSAL DECIMAL CLASSIFICATION NUMBER
Universal Decimal Classification number 61+579.2(075.8)
100 ## - MAIN ENTRY--PERSONAL NAME
Personal name ნუსბაუმი,ლ.რობერტ და სხვ.
245 ## - TITLE STATEMENT
Title გენეტიკა მედიცინაში
245 ## - TITLE STATEMENT
Statement of responsibility, etc. ქართული გამოცემა ელენე აბზიანიძე
260 ## - PUBLICATION, DISTRIBUTION, ETC.
Place of publication, distribution, etc. თბილისი
260 ## - PUBLICATION, DISTRIBUTION, ETC.
Name of publisher, distributor, etc. თბილისის სახ. სამედ. უნივერსიტეტი
300 ## - PHYSICAL DESCRIPTION
Extent 584გვ.
653 ## - INDEX TERM--UNCONTROLLED
Uncontrolled term გენეტიკა მედიცინაში
942 ## - ADDED ENTRY ELEMENTS (KOHA)
Koha item type წიგნი
ეგზემპლარები
Withdrawn status Lost status Damaged status Not for loan Date acquired Barcode Date last seen Price effective from Koha item type
        2018-12-17 1858 2018-12-17 2018-12-17 წიგნი